000 00432nam a2200181Ia 4500
001 11200
005 20260306161928.0
008 260306t2012||||xx |||||||||||||| ||spa||
041 _aESP
082 _a985.0191
_bA92
100 _aÁvila de, Francisco
_eAUT
245 0 _aDioses y hombres de Huarochirí
260 _c2012
300 _a278 páginas :
_c23 cm.
650 _aGEN
654 _aCHU
942 _cLIB
_dJUS
_fJUS
_2ddc
_n
999 _c11200
_d11200